Statistics for All Paper Mario Partners

Click here to take the quiz!

General Stats

  • This quiz has been taken 63 times
    (56 since last reset)
  • The average score is 17 of 31

Answer Stats

GameAbilityAnswer% Correct
PM64TattleGoombario
91%
TTYDShell ShotKoops
89%
PM64Shell ShotKooper
86%
PM64BombBombette
84%
PM64HideBow
84%
PM64SwimSushi
82%
PM64LightWatt
82%
TTYDTattleGoombella
80%
PM64CarryParakarry
80%
TTYDHideVivian
80%
TTYDBombBobbery
75%
TTYDBlow WindFlurrie
75%
PM64Spike TravelLakilester
75%
TTYDBadge FinderMz. Mowz
64%
PM64Teaches CombatGoompa
50%
SPMSpike TravelCarrie
48%
SPMBombBoomer
45%
PMCSGeneralHuey
43%
SPMShieldBarry
39%
SPMHideSlim
36%
SPMGround PoundThudley
36%
SPMThrowThoreau
34%
SPMDashDashell
32%
SPMShrinkDottie
32%
PMSSGeneral AdviceKersti
32%
SPMMusicPiccolo
32%
TTYDCarryYoshi Kid
32%
SPMHammerCudge
30%
SPMTattleTiptron
30%
SPMFlipFleep
27%
SPMTattleTippy
20%

Score Distribution

Percentile by Number Answered

Percent of People with Each Score

Your Score History

You have not taken this quiz since the last reset